Normal view
MARC view
- Riccardo Dottori
Entry Personal Name
001 - CONTROL NUMBER
- control field: 57152
003 - CONTROL NUMBER IDENTIFIER
- control field:
005 - DATE AND TIME OF LATEST TRANSACTION
- control field: 20180511165413.0
008 - FIXED-LENGTH DATA ELEMENTS
- fixed length control field: 180511|| aca||aabn | a|a d
040 ## - CATALOGING SOURCE
- Original cataloging agency:
- Transcribing agency:
100 ## - HEADING--PERSONAL NAME
- Personal name: Riccardo Dottori
- Dates associated with a name: 1940-
670 ## - SOURCE DATA FOUND
- Source citation: Work cat.: ()0: Gadamer, Hans Georg, 1900-2002 autore 57147, La dialettica di Hegel :, c1996 (2a edizione)